Album Covers by Letter - H - Statistics

General Stats
  • This quiz has been taken 159 times
  • The average score is 9 of 16
Answer Stats
Picture Answer % Correct
Heroes - David Bowie
84%
Help! - The Beatles
80%
Hotel California - Eagles
80%
Hot Space - Queen
76%
Hounds of Love - Kate Bush
75%
Highway 61 Revisited - Bob Dylan
72%
Hurry Up Tomorrow - The Weeknd
64%
Hybrid Theory - Linkin Park
62%
Homogenic - Björk
61%
Hot Fuss - The Killers
57%
Honky Chateau - Elton John
50%
Horses - Patti Smith
46%
Hunting High and Low - a-ha
34%
Hysteria - Def Leppard
31%
Heaven and Hell - Black Sabbath
18%
Human Clay - Creed
17%
No matching quizzes found
Score Distribution
Percent of People with Each Score
Percentile by Number Answered
Your Score History
You have not taken this quiz